Music To Be Murdered By - Eminem - Statistiques

Statistiques générales
  • Ce quiz a été pris 36 fois
  • Le résultat moyen est 9 sur 20
Statistiques - réponses
Hint Réponse % Correct
7 Godzilla
88%
12 Stepdad
53%
11 Stepdad (Intro)
53%
10 Yah Yah
53%
4 Alfred (Interlude)
50%
20 Alfred (Outro)
50%
19 I Will
50%
1 Premonition (Intro)
50%
8 Darkness
47%
15 Little Engine
47%
13 Marsh
47%
6 In Too Deep
44%
2 Unaccommodating
44%
9 Leaving Heaven
38%
5 Those Kinda Nights
38%
3 You Gon’ Learn
38%
17 Farewell
34%
16 Lock It Up
31%
14 Never Love Again
28%
18 No Regrets
25%
Aucun quiz correspondant
Distribution des résultats
% des personnes avec chaque résultat
Percentile par nombre de réponses
Votre historique - résultats
Vous n’avez pas pris ce quiz